Elemental Boggle - Statistics

General Stats
  • This quiz has been taken 1,264 times
  • The average score is 9 of 15
Answer Stats
Answer % Correct
Boron
86%
Carbon
86%
Oxygen
80%
Chlorine
76%
Zinc
74%
Xenon
70%
Neon
61%
Tin
61%
Radon
56%
Iron
55%
Argon
46%
Radium
38%
Lead
32%
Chromium
17%
Erbium
12%
No matching quizzes found
Score Distribution
Percent of People with Each Score
Percentile by Number Answered
Your Score History
You have not taken this quiz